000
00163nam a2200085Ia 4500
100
_a
PETER LAURANCE
942
_c
BK
245
_a
THE PETER PRINCIPLE
260
_b
#N/A
999
_c
24550
_d
24550